<?xml version="1.0" encoding="UTF-8"?>
<marc:record xmlns:marc="http://www.loc.gov/MARC21/slim">
   <marc:leader>00000nam a2200000 a 4500</marc:leader>
   <marc:datafield ind1=" " ind2=" " tag="653">
      <marc:subfield code="a">ab 12</marc:subfield>
   </marc:datafield>
   <marc:datafield ind1=" " ind2=" " tag="653">
      <marc:subfield code="a">DVD</marc:subfield>
   </marc:datafield>
   <marc:datafield ind1=" " ind2=" " tag="653">
      <marc:subfield code="a">Jugendfilm</marc:subfield>
   </marc:datafield>
   <marc:datafield ind1=" " ind2=" " tag="653">
      <marc:subfield code="a">Komödie</marc:subfield>
   </marc:datafield>
   <marc:datafield ind1=" " ind2=" " tag="653">
      <marc:subfield code="a">Agent</marc:subfield>
   </marc:datafield>
   <marc:datafield ind1=" " ind2=" " tag="653">
      <marc:subfield code="a">Killer</marc:subfield>
   </marc:datafield>
   <marc:datafield ind1="0" ind2="0" tag="245">
      <marc:subfield code="a">Secret Agency - Barely Lethal</marc:subfield>
   </marc:datafield>
   <marc:datafield ind1=" " ind2="1" tag="264">
      <marc:subfield code="b">ASCOT ELITE Home Entertainment  GmbH</marc:subfield>
      <marc:subfield code="c">2015</marc:subfield>
   </marc:datafield>
   <marc:datafield ind1="1" ind2=" " tag="520">
      <marc:subfield code="a">Nr. 83 ist 16 und Klassenbeste. Sie kann Waffen blind zusammenbauen, fahren wie ein Rennfahrer, zuschlagen wie Jackie Chan und schießen wie Wyatt Earp. Aber sie hat keine beste Freundin, gehört zu keiner Clique und war noch nie auf einer Party. Denn Nr. 83 wird an einer geheimen staatlichen Schule für jugendliche Killer-Agenten erzogen. ?Keine Bindungen? ist das Motto von Ausbilder Hardman. Doch seine Starschülerin möchte lieber ein ganz normaler Teenager sein. Bei einem Einsatz täuscht sie ihren Tod vor und taucht als Austauschschülerin Megan Walsh an einer kleinen Highschool wieder auf. Und hier bekommt sie es mit richtig harten Gegnern zu tun: ihren Mitschülern. Vollends brenzlig wird die Situation, als die skrupellose Terroristin Victoria Knox sie aufspürt ?</marc:subfield>
   </marc:datafield>
</marc:record>
